000 01390cam a2200145 4500500
005 20251214005227.0
041 _afre
042 _adc
100 1 0 _aAmsellem-Mainguy, Yaëlle
_eauthor
700 1 0 _aVuattoux, Arthur
_eauthor
245 0 0 _aEnquêter sur la jeunesse : Outils, pratiques d'enquête, analyses
260 _bArmand Colin,
_c2018.
520 _aCet ouvrage a pour objectif de sensibiliser aux méthodes et pratiques des sciences sociales tous ceux qui souhaitent enquêter sur les jeunes pour mieux comprendre la diversité de leurs expériences.Réaliser des entretiens, observer la société, quantifier des phénomènes sociaux, comptent parmi les multiples manières de saisir une part de la réalité vécue par les jeunes, et d’en produire une connaissance scientifique.Autour des trois temps de l’enquête – sa préparation, sa réalisation, et sa restitution – sont proposés des dispositifs méthodologiques, des conseils et des exemples d’enquêtes.L’ouvrage est une invitation à adopter une démarche réflexive tout au long d’un travail de recherche et donne ainsi à réfléchir sur le sens d’une enquête en sciences sociales, sur les enjeux éthiques et politiques du rapport entre enquêteurs et population enquêtée.
856 4 1 _uhttps://shs.cairn.info/enqueter-sur-la-jeunesse--9782200620370?lang=fr&redirect-ssocas=7080
999 _c1568728
_d1568728